<?xml version="1.0" encoding="UTF-8"?>
<marc:record xmlns:marc="http://www.loc.gov/MARC21/slim">
   <marc:leader>00000nam a2200000 a 4500</marc:leader>
   <marc:datafield ind1="1" ind2=" " tag="100">
      <marc:subfield code="a">Hackl, Hermine</marc:subfield>
      <marc:subfield code="4">aut</marc:subfield>
      <marc:subfield code="e">Verfasser/-in</marc:subfield>
   </marc:datafield>
   <marc:datafield ind1="0" ind2="0" tag="245">
      <marc:subfield code="a">Der Wald in Österreich</marc:subfield>
   </marc:datafield>
   <marc:datafield ind1="0" ind2="0" tag="245">
      <marc:subfield code="b">Wissenswertes und Interessantes von A bis Z</marc:subfield>
   </marc:datafield>
   <marc:datafield ind1=" " ind2="1" tag="264">
      <marc:subfield code="b">Verlag Anton Pustet</marc:subfield>
      <marc:subfield code="c">2023</marc:subfield>
   </marc:datafield>
   <marc:datafield ind1="1" ind2=" " tag="520">
      <marc:subfield code="a">Der Wald ist mehr als die Summe seiner Bäume.
Was Sie immer schon über den Wald in Österreich wissen wollten und sollten, das hat Waldbotschafterin Hermine Hackl für dieses Buch in ebenso kurzweiliger wie wertschätzender Weise zusammengetragen.
Sie bezieht sich dabei auf verschiedenste Bereiche: von A wie Artenvielfalt über B wie Besitzsstruktur, F wie Forstfrauen, M wie Motorsägen und T wie Trittsteinbiotope bis Z wie Zertifizierung!</marc:subfield>
   </marc:datafield>
   <marc:datafield ind1=" " ind2=" " tag="020">
      <marc:subfield code="a">9783702510923</marc:subfield>
      <marc:subfield code="9">9783702510923</marc:subfield>
   </marc:datafield>
</marc:record>
